[Event "22nd Hoogeveen Open 2018"]
[Site "Hoogeveen"]
[Date "2018.10.25"]
[Round "7"]
[White "Rakshitta, Ravi"]
[Black "Den Hartog, Marijn"]
[Result "1-0"]
[WhiteElo "2160"]
[BlackElo "2296"]
[Annotator "NA"]
[PlyCount "77"]
[EventDate "2018.10.20"]
[EventType "swiss"]
[EventCountry "NED"]
[SourceTitle "playchess.com"]
[Source "ChessBase"]
[SourceQuality "1"]
[TimeControl "40/5400+30:1800+30"]

{[%evp 15,74,0,12,12,10,-5,-7,-10,0,0,0,-6,9,9,9,8,23,15,28,24,50,58,32767,25,66,56,32767,63,77,64,61,65,32767,32767,32767,139,136,139,133,138,32767,32767,32767,195,200,201,218,32767,231,32767,32767,232,219,294,32767,32767,32767,525,464,452,445]} 1. Nf3 {[%emt 0:01:11]} Nf6 {[%emt 0:00:00]} 2. g3 {[%emt 0:00:07]} d5 {[%emt 0:00:00]} 3. Bg2 {[%emt 0:00:07]} g6 {[%emt 0:00:12]} 4. O-O {[%emt 0:00:37]} Bg7 {[%emt 0:00:03]} 5. d4 {[%emt 0:00:10]} O-O {[%emt 0:00:11]} 6. c4 {[%emt 0:00:04]} c6 {[%emt 0:00:07]} 7. cxd5 {[%emt 0:00:53]} cxd5 {[%emt 0:00:04]} 8. b3 {[%emt 0:03:47] D79: Fianchetto Grünfeld: Symmetrical Variation (6 0-0 c6 7 cxd5 cxd5)} (8. Ne5 e6 9. Nc3 Nfd7 10. f4 Nc6 11. Be3 Nb6 12. Bf2 Ne7 13. Na4 f6 14. Nxb6 axb6 15. Nd3 Nf5 16. Qb3 Nd6 17. Rfc1 Bd7 18. a4 Rf7 19. Qd1 Bf8 20. b3 Ne4 {½-½ (58) Pantsulaia,L (2587)-Cheparinov,I (2718) Abu Dhabi 2018}) 8... Nc6 {[%emt 0:02:30]} 9. Bb2 {[%emt 0:02:30] LiveBook: 3 Games} Qa5 $146 {[%emt 0:13:31]} ({Predecessor:} 9... Bf5 10. Nbd2 Rc8 11. Nh4 Be6 12. Ndf3 h6 13. Ne1 Qb6 14. e3 Bg4 15. Nhf3 Ne4 16. h3 Bf5 17. Nh4 Bd7 {½-½ (32) Tazlar,P (2239)-Drabek,V (2151) Czech Republic 2017}) 10. Qd2 {[%emt 0:12:34]} Qxd2 {[%emt 0:01:23]} 11. Nbxd2 {[%emt 0:00:06]} Be6 {[%emt 0:01:36]} 12. Rfc1 {[%emt 0:02:41]} Rfc8 {[%emt 0:01:52]} 13. a3 {[%emt 0:01:20]} a5 {[%emt 0:04:27]} 14. e3 {[%emt 0:01:27]} h6 {[%emt 0:05:23]} 15. Bf1 {[%emt 0:00:29]} Rcb8 {[%emt 0:10:07]} 16. Bb5 {[%emt 0:05:40]} Na7 {[%emt 0:00:24]} 17. Be2 {[%emt 0:00:06]} b5 {[%emt 0:08:26]} 18. Ne5 {[%emt 0:03:00]} Nc8 {[%emt 0:09:04]} 19. Rc7 {[%emt 0:11:32]} ({Lieber} 19. Nc6 $16) 19... Ne8 {[%emt 0:04:49]} 20. Rc5 {[%emt 0:00:01]} Ncd6 {[%emt 0:01:27]} 21. Nc6 {[%emt 0:03:23]} Rb7 {[%emt 0:00:21]} 22. a4 {[%emt 0:07:13]} bxa4 {[%emt 0:01:14]} 23. Nxa5 {[%emt 0:01:57]} Rbb8 {[%emt 0:11:01]} 24. Rxa4 {[%emt 0:00:53]} Ne4 {[%emt 0:00:08]} 25. Nxe4 {[%emt 0:02:28]} dxe4 {[%emt 0:00:03]} 26. Bc4 {[%emt 0:04:46]} Bxc4 {[%emt 0:03:41]} 27. Nxc4 {[%emt 0:00:06]} Rxa4 {[%emt 0:03:34]} 28. bxa4 {[%emt 0:00:00]} Nd6 {[%emt 0:00:14]} 29. Nxd6 {[%emt 0:06:48]} exd6 {[%emt 0:00:03]} 30. Rb5 {[%emt 0:00:12]} Ra8 {[%emt 0:02:56]} 31. a5 {[%emt 0:00:38]} Kf8 {[%emt 0:01:16]} 32. Ba3 {[%emt 0:01:25]} Ke7 {[%emt 0:00:49]} 33. Bb4 {[%emt 0:00:13]} Bf8 {[%emt 0:03:43]} 34. d5 {[%emt 0:04:04]} Ra7 {[%emt 0:00:36]} 35. Bc3 {[%emt 0:00:26]} Kd8 {[%emt 0:01:50]} 36. Bd4 {[%emt 0:02:35]} Ra8 {[%emt 0:00:04]} 37. Rb7 {[%emt 0:00:52]} Be7 $18 {[%emt 0:01:08]} 38. Ba7 {[%emt 0:09:36]} Rc8 {[%emt 0:01:18]} 39. a6 {[%emt 0:00:25]} 1-0

[Event "22nd Hoogeveen Open 2018"]
[Site "Hoogeveen"]
[Date "2018.10.25"]
[Round "7"]
[White "Clemens, Adrian"]
[Black "Van der Hagen, Loek"]
[Result "1-0"]
[WhiteElo "2153"]
[BlackElo "1820"]
[Annotator "NA"]
[PlyCount "85"]
[EventDate "2018.10.20"]
[EventType "swiss"]
[EventCountry "NED"]
[SourceTitle "playchess.com"]
[Source "ChessBase"]
[SourceQuality "1"]
[TimeControl "40/5400+30:1800+30"]

{[%evp 17,79,0,2,8,1,0,12,-23,-13,-9,-28,-61,40,0,48,75,58,72,62,54,60,56,54,54,32767,32767,32767,24,33,37,32767,32767,20,32767,0,32767,32767,32767,32767,32767,91,32767,32767,32767,107,32767,32767,681,32767,32767,32767,32767,32767,32767,32767,460,415,358,921,32767,32767,32767,1537,1950]} 1. d4 {[%emt 0:00:00]} Nf6 {[%emt 0:00:00]} 2. c4 {[%emt 0:00:00]} c5 {[%emt 0:00:00]} 3. d5 {[%emt 0:00:17]} b5 {[%emt 0:00:02]} 4. Qc2 {[%emt 0:00:52]} bxc4 {[%emt 0:00:08]} 5. e4 {[%emt 0:00:04]} e6 {[%emt 0:00:07] A57: Benko/Volga Gambit} (5... d6 6. Bxc4 g6 7. Nc3 Bg7 8. Nf3 Nbd7 9. h3 O-O 10. O-O Rb8 11. Re1 Nh5 12. Be2 Ne5 13. Nxe5 Bxe5 14. Bxh5 gxh5 15. Bh6 Re8 16. Qd2 Kh8 17. Bf4 Bd4 18. Be3 {0-1 (63) Dreev,A (2644)-Perunovic,M (2622) Berlin 2015}) 6. Bxc4 {[%emt 0:01:05]} exd5 {[%emt 0:00:08]} 7. exd5 {[%emt 0:00:05]} d6 {[%emt 0:00:26]} 8. Nc3 {[%emt 0:00:35]} Be7 {[%emt 0:00:07]} 9. Nge2 {[%emt 0:04:28]} O-O {[%emt 0:00:57]} 10. O-O {[%emt 0:01:36] LiveBook: 14 Games} Nbd7 {[%emt 0:00:09]} 11. Bf4 {[%emt 0:01:03]} Nh5 {[%emt 0:02:02]} 12. Be3 {[%emt 0:00:48]} Ne5 {[%emt 0:01:47]} 13. b3 $146 {[%emt 0:04:00]} ({Predecessor:} 13. Bb5) 13... f5 {[%emt 0:02:48]} 14. f4 {[%emt 0:02:15]} Ng4 {[%emt 0:08:14]} (14... Nxc4 $15 15. bxc4 Bf6) 15. Bc1 {[%emt 0:03:16]} Rf6 {[%emt 0:06:17]} 16. h3 {[%emt 0:05:36]} Nh6 {[%emt 0:02:06]} 17. Qd3 {[%emt 0:04:27]} Rg6 {[%emt 0:07:17]} 18. Qf3 {[%emt 0:00:41]} Nf6 {[%emt 0:00:45]} 19. Ng3 {[%emt 0:09:24]} Nd7 {[%emt 0:07:11]} 20. Nh5 {[%emt 0:09:26]} Bh4 {[%emt 0:06:31]} 21. Bb2 {[%emt 0:08:59]} Nf6 {[%emt 0:08:41]} 22. Nxf6+ {[%emt 0:05:21]} Bxf6 {[%emt 0:01:01]} 23. Nd1 {[%emt 0:02:46]} Bxb2 {[%emt 0:01:14]} 24. Nxb2 {[%emt 0:01:15]} Qh4 {[%emt 0:02:07]} 25. Qe3 {[%emt 0:12:33]} Bd7 $1 {[%emt 0:04:30]} 26. Rf3 {[%emt 0:01:12]} Re8 {[%emt 0:04:48]} 27. Qf2 {[%emt 0:00:24]} Qf6 {[%emt 0:08:06]} 28. Rd1 {[%emt 0:00:40]} Nf7 {[%emt 0:05:55]} (28... Ng4 $1 $11 29. hxg4 fxg4) 29. Nd3 {[%emt 0:02:00]} Re4 {[%emt 0:02:05]} 30. Re3 {[%emt 0:04:10]} Qe7 {[%emt 0:01:41]} ({Black should try} 30... h5 $14) 31. Rde1 {[%emt 0:00:47]} Nh6 {[%emt 0:04:47] [#]} 32. Nxc5 $1 {[%emt 0:01:23]} Rxe3 {[%emt 0:08:50]} 33. Rxe3 {[%emt 0:00:07]} Qd8 {[%emt 0:00:36]} 34. Ne6 {[%emt 0:01:20]} Qf6 {[%emt 0:02:04]} 35. Re2 {[%emt 0:03:28]} Qa1+ {[%emt 0:01:31]} 36. Re1 {[%emt 0:04:27]} Qc3 {[%emt 0:00:21]} 37. Qe3 {[%emt 0:00:24]} Qb2 {[%emt 0:00:25]} (37... Qxe3+ $142 38. Rxe3 a5) 38. Re2 {[%emt 0:00:52]} Qa1+ {[%emt 0:00:14]} 39. Kf2 {[%emt 0:01:06]} Qh1 {[%emt 0:00:29]} 40. Ng5 $18 {[%emt 0:00:08]} Rf6 {[%emt 0:02:57]} 41. Re1 {[%emt 0:31:39]} Qh2 {[%emt 0:01:15]} 42. Nf3 {[%emt 0:00:00]} Ng4+ {[%emt 0:00:40]} 43. hxg4 {[%emt 0:00:00]} 1-0

[Event "22nd Hoogeveen Open 2018"]
[Site "Hoogeveen"]
[Date "2018.10.25"]
[Round "7"]
[White "Pham, Khoi"]
[Black "Van Foreest, Machteld"]
[Result "0-1"]
[WhiteElo "2153"]
[BlackElo "1934"]
[Annotator "NA"]
[PlyCount "72"]
[EventDate "2018.10.20"]
[EventType "swiss"]
[EventCountry "NED"]
[SourceTitle "playchess.com"]
[Source "ChessBase"]
[SourceQuality "1"]
[TimeControl "40/5400+30:1800+30"]

1. e4 {[%emt 0:00:00]} e6 {[%emt 0:00:00]} 2. d4 {[%emt 0:00:00]} d5 {[%emt 0:00:00]} 3. Nc3 {[%emt 0:00:00]} Nf6 {[%emt 0:00:00]} 4. e5 {[%emt 0:00:00]} Nfd7 {[%emt 0:00:00]} 5. f4 {[%emt 0:00:00]} c5 {[%emt 0:00:00]} 6. Nf3 {[%emt 0:00:02]} Nc6 {[%emt 0:00:04]} 7. Be3 {[%emt 0:00:06]} a6 {[%emt 0:00:10]} 8. Qd2 {[%emt 0:00:06]} b5 {[%emt 0:00:03]} 9. dxc5 {[%emt 0:00:22]} Bxc5 {[%emt 0:00:10]} 10. Bxc5 {[%emt 0:00:07]} Nxc5 {[%emt 0:00:03]} 11. Qf2 {[%emt 0:00:07]} Qb6 {[%emt 0:00:04]} 12. Bd3 {[%emt 0:00:10]} b4 {[%emt 0:00:11]} 13. Ne2 {[%emt 0:01:01]} a5 {[%emt 0:00:08]} 14. O-O {[%emt 0:00:57]} Ba6 {[%emt 0:06:08]} 15. Rad1 {[%emt 0:01:44] LiveBook: 12 Games [#] C11: French: Classical System: 4 e5 and 4 Bg5 dxe4} a4 $146 {[%emt 0:04:52]} ({Predecessor:} 15... Na4 16. Qxb6 Nxb6 17. b3 Ke7 18. Ned4 Nxd4 19. Nxd4 g6 20. Bxa6 Rxa6 21. a3 bxa3 22. Ra1 Rha8 23. Rxa3 Nd7 24. Rfa1 Nb8 25. Kf2 Nc6 26. Ke3 Rc8 27. c3 {½-½ (27) Stukopin,A (2495)-Shimanov,A (2640) Moscow 2013}) 16. Nfd4 {[%emt 0:14:15]} Nxd4 {[%emt 0:03:53]} 17. Nxd4 {[%emt 0:10:50]} b3 {[%emt 0:04:51]} 18. axb3 {[%emt 0:23:28]} Bxd3 {[%emt 0:02:28]} 19. cxd3 {[%emt 0:00:59]} Nxb3 {[%emt 0:02:00]} 20. Nxb3 {[%emt 0:06:18]} Qxf2+ {[%emt 0:01:13]} 21. Kxf2 {[%emt 0:01:06]} axb3 {[%emt 0:00:32]} 22. Ke3 {[%emt 0:09:39]} Kd7 {[%emt 0:02:26]} 23. g4 {[%emt 0:01:07]} Ra2 {[%emt 0:02:52]} 24. Rd2 {[%emt 0:00:26]} Rc8 {[%emt 0:00:32]} 25. Rff2 {[%emt 0:01:17]} Rc1 {[%emt 0:04:24]} 26. f5 {[%emt 0:03:36]} Rg1 {[%emt 0:06:05]} 27. h3 {[%emt 0:06:27]} Rh1 {[%emt 0:03:10]} 28. Rh2 {[%emt 0:01:37]} Re1+ {[%emt 0:00:45]} 29. Rde2 {[%emt 0:01:24]} Rxb2 {[%emt 0:02:38]} 30. Rxe1 {[%emt 0:04:23]} Rxh2 {[%emt 0:00:06]} 31. Rb1 {[%emt 0:00:33]} b2 {[%emt 0:03:03]} 32. Kd4 {[%emt 0:01:48]} Rc2 {[%emt 0:00:13]} 33. Ke3 {[%emt 0:05:13]} Kc6 {[%emt 0:00:18]} 34. d4 $19 {[%emt 0:00:14]} Rh2 {[%emt 0:00:40]} 35. h4 {[%emt 0:02:58]} Kb5 {[%emt 0:00:08]} 36. fxe6 {[%emt 0:02:52]} fxe6 {[%emt 0:00:05]} 0-1

[Event "22nd Hoogeveen Open 2018"]
[Site "Hoogeveen"]
[Date "2018.10.25"]
[Round "7"]
[White "Mellema, Andries"]
[Black "Winkels, Marcel"]
[Result "0-1"]
[WhiteElo "2140"]
[BlackElo "1935"]
[Annotator "NA"]
[PlyCount "116"]
[EventDate "2018.10.20"]
[EventType "swiss"]
[EventCountry "NED"]
[SourceTitle "playchess.com"]
[Source "ChessBase"]
[SourceQuality "1"]
[TimeControl "40/5400+30:1800+30"]

1. e4 {[%emt 0:04:28]} c5 {[%emt 0:00:00]} 2. Nf3 {[%emt 0:00:35]} d6 {[%emt 0:00:00]} 3. d4 {[%emt 0:00:53]} cxd4 {[%emt 0:00:00]} 4. Nxd4 {[%emt 0:00:06]} Nf6 {[%emt 0:00:05]} 5. Nc3 {[%emt 0:00:03]} a6 {[%emt 0:00:10]} 6. h3 {[%emt 0:00:03]} e5 {[%emt 0:00:18]} 7. Nde2 {[%emt 0:00:17]} h5 {[%emt 0:00:06] B90: Sicilian Najdorf: Unusual White 6th moves, 6 Be3 Ng4 and 6 Be3 e5} (7... b5 8. Ng3 Nbd7 9. Bg5 h6 10. Be3 Bb7 11. Bd3 h5 12. Bg5 g6 13. O-O Be7 14. a3 h4 15. Nge2 Nc5 16. Bxf6 Bxf6 {1-0 (48) Dominguez Perez,L (2739)-Vachier Lagrave,M (2779) chess.com INT 2018}) 8. Bg5 {[%emt 0:00:03]} Be6 {[%emt 0:00:11]} 9. Bxf6 {[%emt 0:00:06]} Qxf6 {[%emt 0:00:03]} 10. Nd5 {[%emt 0:00:07]} Qd8 {[%emt 0:00:05]} 11. Qd3 {[%emt 0:01:36]} Nd7 {[%emt 0:00:35] LiveBook: 34 Games} 12. Nec3 {[%emt 0:03:43]} g6 {[%emt 0:00:37]} 13. O-O-O {[%emt 0:01:45]} Nc5 {[%emt 0:00:58]} 14. Qe2 {[%emt 0:08:33] [#]} Bg7 $146 {[%emt 0:01:08]} ({Predecessor:} 14... Bh6+ 15. Kb1 {1-0 (40) Sengupta,D (2575)-Fier,A (2590) Hastings 2017}) 15. g3 {[%emt 0:01:47]} b5 {[%emt 0:01:02]} 16. a3 {[%emt 0:03:50]} Rb8 {[%emt 0:01:36]} 17. Kb1 {[%emt 0:10:17]} O-O {[%emt 0:05:14]} 18. g4 {[%emt 0:17:09]} ({White must play} 18. Qe3 $1 $14) 18... h4 {[%emt 0:00:17]} 19. Bg2 {[%emt 0:00:43]} Bd7 {[%emt 0:07:37]} 20. Qd2 {[%emt 0:02:25]} a5 {[%emt 0:05:23]} 21. Na2 {[%emt 0:09:26]} Bc6 {[%emt 0:08:02]} 22. f3 {[%emt 0:05:42]} Bxd5 {[%emt 0:06:17]} 23. Qxd5 {[%emt 0:01:08]} Rb6 {[%emt 0:01:00]} 24. Qd2 {[%emt 0:09:27]} Qa8 {[%emt 0:08:15]} 25. Nc3 {[%emt 0:03:14]} b4 {[%emt 0:06:40]} 26. Nd5 $1 {[%emt 0:01:16]} Rb7 {[%emt 0:00:13]} 27. Ka1 {[%emt 0:02:24]} Rfb8 {[%emt 0:05:14]} 28. Rb1 {[%emt 0:01:34]} Qa7 {[%emt 0:10:52]} 29. g5 {[%emt 0:01:39]} bxa3 {[%emt 0:12:39]} 30. b3 {[%emt 0:05:50]} Ne6 {[%emt 0:03:03]} 31. Ka2 {[%emt 0:01:01]} Qd4 {[%emt 0:03:10]} 32. Qxd4 {[%emt 0:00:49]} exd4 {[%emt 0:01:32]} 33. f4 {[%emt 0:00:54]} d3 {[%emt 0:00:44]} 34. cxd3 {[%emt 0:01:11]} Bb2 {[%emt 0:00:49]} 35. e5 {[%emt 0:00:22]} Rxb3 {[%emt 0:03:28]} 36. Nf6+ {[%emt 0:02:53]} (36. exd6 $17 {was called for.} Kg7 37. Be4) 36... Kh8 {[%emt 0:00:39]} (36... Kg7 $19 {has better winning chances.} 37. Bd5 Rxd3 38. Bxe6 fxe6) 37. Bd5 {[%emt 0:00:27]} Rxd3 {[%emt 0:00:54]} (37... R3b4 $17 38. Bxe6 fxe6 39. exd6 Bxf6 40. Rxb4 (40. gxf6 Kg8 $17) 40... axb4 41. gxf6 Kg8) 38. Bxe6 {[%emt 0:00:28]} fxe6 {[%emt 0:00:28] [#]} 39. Rhd1 $2 {[%emt 0:00:41] [#]} (39. Rhc1 $1 $11 {[%mdl 512]} Rd2 (39... Bxc1 40. Rxb8+) 40. Rc7 Bd4+ 41. Kxa3 Bc5+ 42. Rxc5 Rd3+ 43. Ka2 Rd2+ 44. Ka3 Rd3+ 45. Ka2 Rd2+ 46. Ka3) 39... Rxd1 $1 {[%emt 0:01:33]} 40. Rxd1 {[%emt 0:00:00]} d5 {[%emt 0:00:25]} 41. Rg1 {[%emt 0:30:17]} Kg7 {[%emt 0:34:07]} 42. Rg4 {[%emt 0:00:51]} a4 $2 {[%emt 0:02:17]} (42... Rh8 $19 43. Kb1 Bd4) 43. Nd7 $2 {[%emt 0:00:00]} (43. Rxh4 $11 Rh8 44. Rxh8 Kxh8 45. Nd7) 43... Rd8 {[%emt 0:00:00]} 44. Nc5 {[%emt 0:00:00]} Rc8 {[%emt 0:00:00]} 45. Nxa4 {[%emt 0:00:00]} Bc1 {[%emt 0:00:00]} 46. Rxh4 {[%emt 0:00:00]} d4 {[%emt 0:00:00]} 47. f5 {[%emt 0:00:00]} Rc2+ {[%emt 0:00:00]} 48. Kb1 {[%emt 0:00:00]} a2+ {[%emt 0:00:00]} 49. Ka1 $19 {[%emt 0:00:00]} gxf5 {[%emt 0:01:03]} 50. Rxd4 {[%emt 0:00:00]} Bxg5 {[%emt 0:00:13]} 51. Nb2 {[%emt 0:00:00]} Bc1 {[%emt 0:00:29]} 52. Nd1 {[%emt 0:00:00]} f4 {[%emt 0:01:43]} 53. Ra4 {[%emt 0:00:00]} Be3 {[%emt 0:01:57]} 54. Nb2 {[%emt 0:02:34]} f3 {[%emt 0:00:51]} 55. Nd3 {[%emt 0:00:13]} f2 {[%emt 0:00:30]} 56. Nxf2 {[%emt 0:00:05]} Bxf2 {[%emt 0:00:25]} 57. Rg4+ {[%emt 0:02:48]} Kf7 {[%emt 0:00:19]} 58. Re4 {[%emt 0:00:10]} Rd2 {[%emt 0:00:12]} 0-1

[Event "22nd Hoogeveen Open 2018"]
[Site "Hoogeveen"]
[Date "2018.10.25"]
[Round "7"]
[White "Thrish Karthik"]
[Black "Hamblok, Roel"]
[Result "0-1"]
[WhiteElo "2116"]
[BlackElo "2275"]
[Annotator "NA"]
[PlyCount "124"]
[EventDate "2018.10.20"]
[EventType "swiss"]
[EventCountry "NED"]
[SourceTitle "playchess.com"]
[Source "ChessBase"]
[SourceQuality "1"]
[TimeControl "40/5400+30:1800+30"]

{[%evp 13,113,3,16,13,16,14,13,15,14,12,19,14,27,-24,0,-21,-9,32767,32767,32767,32767,32767,-2,32767,32767,4,16,10,9,32767,0,8,0,-16,-13,-15,-20,32767,32767,-27,-14,32767,32767,-25,32767,-45,32767,-88,32767,32767,32767,32767,32767,32767,32767,32767,32767,32767,32767,32767,32767,32767,32767,32767,32767,32767,-18,-11,-21,32767,-8,-14,-14,32767,-8,-8,0,-8,32767,32767,-122,0,-110,-94,-110,-95,-114,-115,-117,-517,-110,32767,32767,-117,-112,-95,32767,32767,32767,32767,-29978,-12848]} 1. d4 {[%emt 0:00:00]} Nf6 {[%emt 0:00:08]} 2. Bf4 {[%emt 0:00:00]} d5 {[%emt 0:00:27]} 3. e3 {[%emt 0:00:00]} c5 {[%emt 0:00:26]} 4. Nc3 {[%emt 0:00:00]} cxd4 {[%emt 0:00:09]} 5. exd4 {[%emt 0:00:00]} a6 {[%emt 0:00:04] B13: Caro-Kann: Exchange Variation and Panov-Botvinnik Attack} 6. Nf3 {[%emt 0:02:15]} Nc6 {[%emt 0:00:21]} 7. Ne5 {[%emt 0:06:54]} e6 {[%emt 0:09:57]} 8. Nxc6 {[%emt 0:18:14]} bxc6 {[%emt 0:00:00]} 9. Na4 {[%emt 0:05:08]} Bd6 {[%emt 0:00:00]} 10. Bxd6 {[%emt 0:06:22] LiveBook: 6 Partien} Qxd6 {[%emt 0:00:45]} 11. Bd3 {[%emt 0:05:11]} O-O {[%emt 0:02:19]} 12. O-O {[%emt 0:00:49]} Rb8 $146 {[%emt 0:03:09]} ({Predecessor:} 12... e5 13. dxe5 Qxe5 {½-½ (32) Alekseenko,K (2639)-Sychev,K (2534) Sochi 2018}) 13. f4 {[%emt 0:08:20]} Nd7 {[%emt 0:05:06]} 14. b3 {[%emt 0:05:12]} c5 {[%emt 0:07:42]} 15. Nxc5 {[%emt 0:01:11]} Nxc5 {[%emt 0:00:05]} 16. dxc5 {[%emt 0:00:03]} Qxc5+ {[%emt 0:00:07]} 17. Kh1 {[%emt 0:00:04]} g6 {[%emt 0:00:42]} 18. Qe2 {[%emt 0:06:03]} d4 {[%emt 0:09:15]} 19. Qe5 {[%emt 0:06:10]} Qb6 {[%emt 0:08:54]} 20. Rae1 {[%emt 0:06:45]} Bb7 {[%emt 0:04:33]} 21. Qf6 {[%emt 0:05:54]} Qd8 {[%emt 0:07:38]} 22. Qxd8 {[%emt 0:01:45]} Rfxd8 {[%emt 0:00:29]} 23. Re5 {[%emt 0:00:58]} Bd5 {[%emt 0:08:02]} 24. Kg1 {[%emt 0:07:05]} a5 {[%emt 0:01:54]} 25. a4 {[%emt 0:00:59]} Rbc8 {[%emt 0:01:12]} 26. Rd1 {[%emt 0:02:36]} Rc7 {[%emt 0:03:34]} 27. Kf2 {[%emt 0:01:17]} Kg7 {[%emt 0:03:21]} 28. Rd2 {[%emt 0:02:50]} h6 {[%emt 0:03:05]} 29. Re1 {[%emt 0:01:01]} Rdc8 {[%emt 0:04:06]} 30. Be4 {[%emt 0:00:52]} (30. b4 $11) 30... Bxe4 {[%emt 0:00:50]} 31. Rxe4 {[%emt 0:00:01]} Rxc2 {[%emt 0:00:07]} 32. Rexd4 {[%emt 0:00:03]} R8c3 {[%emt 0:00:15]} 33. Rxc2 {[%emt 0:01:45]} Rxc2+ {[%emt 0:00:05]} 34. Kg1 {[%emt 0:00:35]} Rc3 {[%emt 0:00:39]} 35. b4 {[%emt 0:00:10]} axb4 {[%emt 0:00:31]} 36. Rxb4 {[%emt 0:00:08]} Rc2 {[%emt 0:03:59]} 37. h3 {[%emt 0:00:37]} g5 {[%emt 0:01:39]} 38. fxg5 {[%emt 0:00:33]} hxg5 {[%emt 0:00:02]} 39. h4 {[%emt 0:00:30]} gxh4 {[%emt 0:01:08]} 40. Rxh4 {[%emt 0:00:28]} Ra2 {[%emt 0:00:17]} 41. Re4 {[%emt 0:13:48]} Kf6 {[%emt 0:00:55]} 42. g4 {[%emt 0:11:41]} e5 {[%emt 0:08:03]} 43. Rb4 {[%emt 0:01:09]} Kg5 {[%emt 0:02:35]} 44. Rb7 {[%emt 0:01:54]} f6 {[%emt 0:03:28]} ({Don't play} 44... Rxa4 45. Rxf7 Kxg4 46. Kf1 $17) 45. Rg7+ {[%emt 0:01:10]} Kh6 {[%emt 0:02:48]} 46. Ra7 {[%emt 0:01:14]} Rb2 {[%emt 0:02:45]} 47. a5 {[%emt 0:02:46] [#]} Rb4 $1 {[%emt 0:00:40]} 48. a6 {[%emt 0:00:05]} Rxg4+ {[%emt 0:00:16]} 49. Kf2 {[%emt 0:00:24]} Ra4 {[%emt 0:00:16]} 50. Ra8 {[%emt 0:01:00]} Kg5 {[%emt 0:00:24]} 51. Ke3 $2 {[%emt 0:00:32] [#]} (51. a7 $17 Kf4 52. Rf8 Ra2+ 53. Ke1 Rxa7 54. Rxf6+ Ke3 55. Kd1) 51... Kf5 $2 {[%emt 0:00:19]} (51... f5 $1 $19 {and Black stays clearly on top.} 52. Rg8+ Kf6) 52. a7 {[%emt 0:00:42]} Ra3+ {[%emt 0:00:12]} 53. Ke2 {[%emt 0:00:40]} e4 {[%emt 0:07:08]} 54. Kf2 {[%emt 0:00:34]} Kf4 {[%emt 0:04:36]} 55. Ke2 {[%emt 0:00:28]} f5 {[%emt 0:00:32]} 56. Kf2 {[%emt 0:00:22]} Ra2+ {[%emt 0:00:06]} 57. Kg1 $19 {[%emt 0:00:36]} e3 {[%emt 0:00:25]} 58. Kf1 {[%emt 0:00:27]} Kf3 {[%emt 0:00:26]} 59. Kg1 {[%emt 0:00:05]} e2 {[%emt 0:00:28]} 60. Re8 {[%emt 0:00:21]} Rxa7 {[%emt 0:00:09]} 61. Re5 {[%emt 0:00:12]} f4 {[%emt 0:00:25]} 62. Kh2 {[%emt 0:00:13]} Kf2 {[%emt 0:00:12]} 0-1

[Event "22nd Hoogeveen Open 2018"]
[Site "Hoogeveen"]
[Date "2018.10.25"]
[Round "7"]
[White "Hilwerda, Jonas"]
[Black "Hulshof, Peter"]
[Result "1-0"]
[WhiteElo "2109"]
[BlackElo "2168"]
[Annotator "NA"]
[PlyCount "59"]
[EventDate "2018.10.20"]
[EventType "swiss"]
[EventCountry "NED"]
[SourceTitle "playchess.com"]
[Source "ChessBase"]
[SourceQuality "1"]
[TimeControl "40/5400+30:1800+30"]

1. e4 {[%emt 0:00:00] Yermolinsky,A} g6 {[%emt 0:00:00]} 2. d4 {[%emt 0:00:00]} Bg7 {[%emt 0:00:00]} 3. Nc3 {[%emt 0:00:00]} c6 {[%emt 0:00:04]} 4. f4 {[%emt 0:00:00]} d5 {[%emt 0:00:16]} 5. e5 {[%emt 0:00:00]} Nh6 {[%emt 0:00:16]} 6. Nf3 {[%emt 0:00:28]} f6 {[%emt 0:00:42]} 7. Be3 {[%emt 0:00:48] B15: Caro-Kann: 3 Nc3: 3...g6 and 3...dxe4 4 Nxe4 Nf6 5 Nxf6+ exf6} O-O {[%emt 0:03:40]} 8. h3 {[%emt 0:14:30] LiveBook: 15 Games} b6 {[%emt 0:14:57]} ({Predecessor:} 8... Qb6 $146 9. Qd2 Qxb2 10. Rb1 Qa3 11. g4 Nf7 12. Bd3 fxe5 13. dxe5 Na6 14. Rb3 Qa5 {1-0 (31) Robson,R (2668)-Shabalov,A (2556) Saint Louis 2017 CBM 178 [Yermolinsky,A]}) 9. Qd2 {[%emt 0:00:00]} Nd7 {[%emt 0:03:06]} 10. g4 {[%emt 0:00:00]} fxe5 {[%emt 0:09:51]} 11. dxe5 {[%emt 0:04:52]} Nc5 {[%emt 0:01:19]} 12. Nd4 {[%emt 0:06:05]} Qc7 {[%emt 0:04:20]} 13. Bg2 {[%emt 0:02:22]} e6 {[%emt 0:03:13]} 14. b4 {[%emt 0:15:07]} Nb7 {[%emt 0:04:18]} 15. Nce2 {[%emt 0:17:36]} Nf7 {[%emt 0:07:04]} 16. c4 {[%emt 0:11:27]} dxc4 {[%emt 0:08:42]} 17. Bxc6 {[%emt 0:05:22]} g5 {[%emt 0:01:09]} 18. O-O {[%emt 0:05:33]} gxf4 {[%emt 0:01:11]} 19. Nxf4 {[%emt 0:01:17]} Nxe5 {[%emt 0:00:45]} 20. Be4 {[%emt 0:01:43]} Qe7 {[%emt 0:05:29]} 21. Nh5 {[%emt 0:02:44]} Nf7 {[%emt 0:07:26]} 22. Rf3 {[%emt 0:04:01]} Rb8 {[%emt 0:00:53]} 23. Nc6 {[%emt 0:01:53]} Qc7 {[%emt 0:00:32]} 24. Nxg7 {[%emt 0:00:00]} Kxg7 {[%emt 0:00:16]} 25. Nxb8 {[%emt 0:00:30]} Nbd6 {[%emt 0:00:10]} 26. Bc6 {[%emt 0:02:43]} Qxb8 {[%emt 0:00:32]} 27. Raf1 {[%emt 0:00:34]} Rd8 {[%emt 0:04:31]} 28. Bh6+ {[%emt 0:00:54]} Kg8 {[%emt 0:00:08]} 29. Qg5+ Nxg5 {[%emt 0:00:08]} 30. Rf8+ {[%emt 0:00:49]} 1-0

[Event "22nd Hoogeveen Open 2018"]
[Site "Hoogeveen"]
[Date "2018.10.25"]
[Round "7"]
[White "Hilwerda, Jonas"]
[Black "Hulshof, Peter"]
[Result "1/2-1/2"]
[WhiteElo "2109"]
[BlackElo "2168"]
[Annotator "TA"]
[PlyCount "28"]
[EventDate "2018.10.20"]
[EventType "swiss"]
[EventCountry "NED"]
[SourceTitle "playchess.com"]
[Source "ChessBase"]
[SourceQuality "1"]

{[%evp 14,15,53,50]} 1. e4 {Yermolinsky,A} g6 2. d4 Bg7 3. Nc3 c6 4. f4 d5 5. e5 Nh6 6. Nf3 f6 7. Be3 {B15: Caro-Kann: 3 Nc3: 3...g6 and 3...dxe4 4 Nxe4 Nf6 5 Nxf6+ exf6} O-O 8. h3 {LiveBook: 15 Games} {Predecessor:} Qb6 $146 9. Qd2 Qxb2 10. Rb1 Qa3 11. g4 Nf7 12. Bd3 fxe5 13. dxe5 Na6 14. Rb3 Qa5 {1-0 (31) Robson,R (2668)-Shabalov,A (2556) Saint Louis 2017 CBM 178 [Yermolinsky,A]} 1/2-1/2